| 000 | 00490nam a2200133Ia 4500 | ||
|---|---|---|---|
| 008 | 231221s9999 xx 000 0 und d | ||
| 020 | _a978-0-387-72381-5 | ||
| 041 | _aEnglish | ||
| 100 | _aPhilippe Goujon, Sylvian Lavelle, Penny Duquenoy, Kai Kimppa, Véronique Laurent | ||
| 245 | 4 | _aThe Information Society: Innovation, Legitimacy, Ethics and Democracy In honor of Professor Jacques Berleur s.j. | |
| 260 |
_c2007 _bSpringer US _aNew York |
||
| 650 | _aComputer Science | ||
| 942 | _cEB | ||
| 999 |
_c218240 _d218240 |
||